000
00285nam a2200121Ia 4500
008
190216s9999||||xx |||||||||||||| ||und||
100
_a
Kamal Shukla
245
0
_a
Hindi-Sona Aur Sunand
260
_b
Sarva Siksha Pusthak Udyog
_c
2008
300
_a
144
650
_a
Hindi
942
_c
BK
999
_c
16580
_d
16580